000 00791nam a2200229Ii 4500
003 JO-AjNU
008 230605s9999||||xx |||||||||||||| ||und||
017 _a2019/6/3042
020 _a978-9923-14-098-7
040 _aJO-AjNU
_bara
_erda
_cJO-AjNU
041 _aara
050 1 4 _aPJ6161 2020
100 3 _aصديقي، علي,
_eauthor
_960112
245 0 0 _aالنزعة الفلسفية في الفكر النقدي والبلاغي العربي القديم: رؤية معرفية
250 _aط1
264 3 1 _aاربد: عالم الكتب الحديث للنشر والتوزيع، 2020
300 _a126ص
336 _atext
_btxt
_2rdacontent
337 _aunmediated
_bn
_2rdamedia
338 _avolume
_bnc
_2rdacarrier
650 4 _aادب العربي- النقد
_960113
999 _aA27089
_c30657
_d30657